[Event "World Chess Olympiad 2018"]
[Site "Batumi"]
[Date "2018.10.01"]
[Round "7"]
[Board "2"]
[WhiteFideId "10802088"]
[White "Ngani Victor"]
[BlackFideId "6500170"]
[Black "Gonzalez Acosta Bernal"]
[Result "0-1"]
[LiveChessVersion "1.4.8"]
[BlackElo "2452"]
[WhiteElo "2022"]

1. e4 {[%clk 1:30:21]} c5 {[%clk 1:30:57]} 2. Nf3 {[%clk 1:30:29]} d6
{[%clk 1:31:18]} 3. d4 {[%clk 1:30:56]} cxd4 {[%clk 1:31:36]} 4. Nxd4
{[%clk 1:30:36]} Nf6 {[%clk 1:31:54]} 5. Nc3 {[%clk 1:31:01]} g6 {[%clk 1:32:14]}
6. Be3 {[%clk 1:30:06]} Bg7 {[%clk 1:32:34]} 7. f3 {[%clk 1:30:31]} O-O
{[%clk 1:32:57]} 8. Bc4 {[%clk 1:29:27]} Nc6 {[%clk 1:33:20]} 9. Qd2
{[%clk 1:29:42]} Nd7 {[%clk 1:33:38]} 10. Nxc6 {[%clk 1:15:35]} bxc6
{[%clk 1:34:01]} 11. Bh6 {[%clk 1:15:55]} Bxh6 {[%clk 1:21:54]} 12. Qxh6
{[%clk 1:16:22]} e6 {[%clk 1:22:20]} 13. h4 {[%clk 1:05:31]} Ne5 {[%clk 1:22:21]}
14. Be2 {[%clk 1:03:09]} f6 {[%clk 1:18:31]} 15. Qd2 {[%clk 1:00:00]} d5
{[%clk 1:18:57]} 16. O-O-O {[%clk 0:56:20]} Rb8 {[%clk 1:18:36]} 17. f4
{[%clk 0:55:39]} Nf7 {[%clk 1:18:58]} 18. g4 {[%clk 0:49:14]} Qd6
{[%clk 1:14:16]} 19. exd5 {[%clk 0:38:46]} exd5 {[%clk 1:13:03]} 20. f5
{[%clk 0:36:55]} gxf5 {[%clk 1:04:27]} 21. gxf5 {[%clk 0:36:08]} Bxf5
{[%clk 1:02:31]} 22. Rhg1+ {[%clk 0:36:25]} Kh8 {[%clk 1:02:56]} 23. Rdf1
{[%clk 0:36:47]} Qe5 {[%clk 1:01:14]} 24. Bh5 {[%clk 0:31:34]} Nd6
{[%clk 1:00:54]} 25. Re1 {[%clk 0:25:44]} Be4 {[%clk 1:00:31]} 26. Qh6
{[%clk 0:23:58]} Nf5 {[%clk 0:52:58]} 27. Qd2 {[%clk 0:22:18]} Rg8
{[%clk 0:51:00]} 28. Rxg8+ {[%clk 0:20:55]} Rxg8 {[%clk 0:51:19]} 29. Nxe4
{[%clk 0:15:05]} dxe4 {[%clk 0:51:26]} 30. Qd7 {[%clk 0:11:23]} Qf4+
{[%clk 0:46:54]} 31. Kb1 {[%clk 0:10:39]} Qxh4 {[%clk 0:46:58]} 32. Rf1
{[%clk 0:08:18]} Qxh5 {[%clk 0:47:09]} 33. a4 {[%clk 0:08:33]} Ng7
{[%clk 0:45:25]} 34. Rxf6 {[%clk 0:08:23]} e3 {[%clk 0:45:02]} 35. Rf1
{[%clk 0:06:38]} Qd5 {[%clk 0:41:29]} 36. Qe7 {[%clk 0:06:00]} Qd2
{[%clk 0:40:04]} 37. Rf8 {[%clk 0:04:30]} e2 {[%clk 0:39:54]} 38. Qf7
{[%clk 0:04:29]} e1=Q+ {[%clk 0:40:02]} 39. Ka2 {[%clk 0:04:57]} Qd5+
{[%clk 0:40:24]} 0-1

[Event "World Chess Olympiad 2018"]
[Site "Batumi"]
[Date "2018.10.01"]
[Round "7"]
[Board "3"]
[WhiteFideId "6504779"]
[White "Jimenez Garcia Emmanuel"]
[BlackFideId "10804714"]
[Black "Methu Joseph Muragu"]
[Result "1-0"]
[LiveChessVersion "1.4.8"]
[BlackElo "2041"]
[WhiteElo "2290"]

1. Nf3 {[%clk 1:30:56]} Nf6 {[%clk 1:27:41]} 2. b3 {[%clk 1:31:21]} d6
{[%clk 1:27:36]} 3. d4 {[%clk 1:31:45]} Bg4 {[%clk 1:27:49]} 4. e3
{[%clk 1:31:55]} g6 {[%clk 1:27:43]} 5. h3 {[%clk 1:30:42]} Bxf3 {[%clk 1:28:05]}
6. Qxf3 {[%clk 1:31:08]} c6 {[%clk 1:28:13]} 7. Bb2 {[%clk 1:29:08]} Bg7
{[%clk 1:28:09]} 8. Nd2 {[%clk 1:29:30]} d5 {[%clk 1:27:49]} 9. g4
{[%clk 1:28:16]} Qa5 {[%clk 1:27:51]} 10. Bd3 {[%clk 1:28:01]} Nbd7
{[%clk 1:27:53]} 11. a3 {[%clk 1:28:06]} Qc7 {[%clk 1:28:16]} 12. c4
{[%clk 1:25:33]} Rc8 {[%clk 1:28:08]} 13. g5 {[%clk 1:25:36]} Ne4
{[%clk 1:26:13]} 14. cxd5 {[%clk 1:05:11]} Nxd2 {[%clk 1:24:43]} 15. Kxd2
{[%clk 1:05:21]} Qa5+ {[%clk 1:24:37]} 16. b4 {[%clk 1:03:01]} Qxd5
{[%clk 1:24:48]} 17. Qxd5 {[%clk 1:03:26]} cxd5 {[%clk 1:24:59]} 18. a4
{[%clk 0:47:23]} O-O {[%clk 1:14:49]} 19. a5 {[%clk 0:46:42]} Rc7
{[%clk 1:11:05]} 20. Bb5 {[%clk 0:39:44]} Rfc8 {[%clk 1:11:04]} 21. Bxd7
{[%clk 0:39:54]} Rxd7 {[%clk 1:11:31]} 22. Rhc1 {[%clk 0:40:12]} Rdc7
{[%clk 1:11:57]} 23. Rc5 {[%clk 0:38:02]} e6 24. Rac1 {[%clk 0:18:46]} Rxc5
{[%clk 1:04:52]} 25. bxc5 {[%clk 0:19:01]} a6 {[%clk 1:05:10]} 26. Rb1
{[%clk 0:18:49]} Rc7 {[%clk 0:59:04]} 27. Kd3 {[%clk 0:16:00]} Bf8
{[%clk 0:55:19]} 28. e4 {[%clk 0:13:40]} Be7 {[%clk 0:50:16]} 29. exd5
{[%clk 0:14:03]} exd5 {[%clk 0:50:37]} 30. Bc1 {[%clk 0:12:56]} Rd7
{[%clk 0:49:47]} 31. Bd2 {[%clk 0:13:10]} Bd8 {[%clk 0:49:52]} 32. Rc1
{[%clk 0:11:04]} Rc7 {[%clk 0:39:46]} 33. Re1 {[%clk 0:08:34]} Re7
{[%clk 0:34:43]} 34. Re5 {[%clk 0:08:40]} Rd7 {[%clk 0:33:08]} 35. Re8+
{[%clk 0:04:37]} Kg7 {[%clk 0:33:36]} 36. h4 {[%clk 0:04:53]} f6 {[%clk 0:28:01]}
37. gxf6+ {[%clk 0:04:52]} Bxf6 {[%clk 0:28:19]} 38. Bg5 {[%clk 0:04:59]} Bxg5
{[%clk 0:27:30]} 39. hxg5 {[%clk 0:05:24]} Kf7 {[%clk 0:26:42]} 40. Re5
{[%clk 0:35:31]} Kg7 {[%clk 0:49:41]} 41. Ke3 {[%clk 0:33:01]} h6
{[%clk 0:49:14]} 42. f4 {[%clk 0:24:00]} h5 {[%clk 0:47:11]} 43. Re6
{[%clk 0:23:10]} Kf7 {[%clk 0:46:58]} 44. Rf6+ {[%clk 0:23:35]} Kg7
{[%clk 0:46:52]} 45. Kf3 {[%clk 0:23:58]} Rd8 {[%clk 0:45:59]} 46. Rb6
{[%clk 0:23:00]} Rd7 {[%clk 0:45:48]} 47. f5 {[%clk 0:17:51]} gxf5
{[%clk 0:45:15]} 48. Kf4 {[%clk 0:18:18]} Rf7 {[%clk 0:31:31]} 49. Rh6
{[%clk 0:18:21]} Re7 {[%clk 0:27:35]} 50. Kxf5 {[%clk 0:18:46]} Re4
{[%clk 0:26:57]} 51. Rxh5 {[%clk 0:12:39]} Rxd4 {[%clk 0:23:34]} 52. g6
{[%clk 0:12:47]} Rc4 {[%clk 0:10:30]} 53. Rh7+ {[%clk 0:13:07]} Kg8
{[%clk 0:09:50]} 54. Rc7 {[%clk 0:13:08]} Rc2 {[%clk 0:08:18]} 55. Kf6
{[%clk 0:13:30]} Rf2+ {[%clk 0:08:31]} 56. Ke5 {[%clk 0:13:57]} Re2+
{[%clk 0:06:51]} 57. Kxd5 {[%clk 0:14:09]} Rd2+ {[%clk 0:07:15]} 58. Ke6
{[%clk 0:14:25]} Rb2 {[%clk 0:07:25]} 59. Kf6 {[%clk 0:12:46]} Rf2+
{[%clk 0:07:52]} 60. Ke7 {[%clk 0:13:00]} Rb2 {[%clk 0:08:13]} 61. Kd8
{[%clk 0:12:38]} Rb5 {[%clk 0:08:12]} 62. Kc8 {[%clk 0:13:02]} Rxa5
{[%clk 0:06:40]} 63. Kxb7 {[%clk 0:13:30]} Ra1 {[%clk 0:07:01]} 64. c6
{[%clk 0:13:47]} a5 {[%clk 0:07:30]} 65. Rd7 {[%clk 0:13:40]} 1-0

[Event "World Chess Olympiad 2018"]
[Site "Batumi"]
[Date "2018.10.01"]
[Round "7"]
[Board "4"]
[WhiteFideId "10802185"]
[White "Sang Ricky"]
[BlackFideId "6500072"]
[Black "Chinchilla Miranda Eugenio"]
[Result "0-1"]
[LiveChessVersion "1.4.8"]
[BlackElo "2206"]
[WhiteElo "1959"]

1. e4 e5 2. Nf3 Nc6 3. Bc4 Nf6 4. d3 Be7 5. c3 O-O 6. Bb3 d6 7. Nbd2 Nd7 8. d4
exd4 9. cxd4 Bf6 10. Nf1 Na5 11. Bc2 c5 12. Ne3 Nb6 13. Qd3 g6 14. d5 Bd7 15. Bd2
Bxb2 16. Rb1 c4 17. Qe2 c3 18. O-O cxd2 19. Rxb2 Qf6 20. Rfb1 Rac8 21. Nxd2 Rc5
22. Nb3 Nxb3 23. Bxb3 Rfc8 24. Qd2 Qc3 25. Qxc3 Rxc3 26. Rc2 Kg7 27. Rbc1 Rxc2
28. Rxc2 Rxc2 29. Nxc2 f5 30. f3 Kf6 31. Kf2 Ke5 32. Ke3 f4+ 33. Kd2 g5 34. Na3
h5 35. Nc4+ Nxc4+ 36. Bxc4 Kd4 37. Bf1 g4 38. Be2 b5 39. fxg4 hxg4 40. Bd3 b4 41.
Bc2 a5 42. Ke2 Kc3 43. Bd1 a4 44. h4 gxh3 45. gxh3 b3 46. Bxb3 axb3 47. axb3 Bxh3
48. Kf3 Kd4 49. Kxf4 Bc8 50. b4 Bd7 51. Kf3 Ke5 52. Ke3 Bb5 53. Kf3 Bd3 0-1

[Event "World Chess Olympiad 2018"]
[Site "Batumi"]
[Date "2018.10.01"]
[Round "7"]
[Board "1"]
[WhiteFideId "11300507"]
[White "Oatlhotse Providence"]
[BlackFideId "7200595"]
[Black "Ziska Helgi Dam"]
[Result "0-1"]
[LiveChessVersion "1.4.8"]
[BlackElo "2550"]
[WhiteElo "2206"]

1. c4 {[%clk 1:30:57]} g6 {[%clk 1:30:28]} 2. g3 {[%clk 1:31:24]} Bg7
{[%clk 1:30:48]} 3. Bg2 {[%clk 1:31:52]} d6 {[%clk 1:31:11]} 4. Nc3
{[%clk 1:31:54]} e5 {[%clk 1:31:34]} 5. d3 {[%clk 1:30:23]} Nc6 {[%clk 1:31:29]}
6. Rb1 {[%clk 1:30:28]} a5 {[%clk 1:30:22]} 7. a3 {[%clk 1:30:46]} Nf6
{[%clk 1:14:06]} 8. b4 {[%clk 1:30:53]} axb4 {[%clk 1:14:27]} 9. axb4
{[%clk 1:31:22]} O-O {[%clk 1:13:27]} 10. Bg5 {[%clk 1:25:08]} h6
{[%clk 1:12:39]} 11. Bd2 {[%clk 1:25:35]} Ne7 {[%clk 1:01:52]} 12. Qc1
{[%clk 1:21:21]} Kh7 {[%clk 1:01:43]} 13. Nd5 {[%clk 1:06:03]} Nexd5
{[%clk 0:45:08]} 14. cxd5 {[%clk 1:06:29]} Bd7 {[%clk 0:43:12]} 15. b5
{[%clk 1:01:14]} Re8 {[%clk 0:40:37]} 16. Nf3 {[%clk 0:57:34]} e4
{[%clk 0:39:22]} 17. dxe4 {[%clk 0:55:27]} Nxe4 {[%clk 0:39:40]} 18. O-O
{[%clk 0:52:51]} Ra2 {[%clk 0:35:43]} 19. e3 {[%clk 0:49:38]} Bf5
{[%clk 0:32:37]} 20. Bb4 {[%clk 0:33:11]} Nxf2 {[%clk 0:29:39]} 21. Nd4
{[%clk 0:22:13]} Bxd4 {[%clk 0:27:40]} 22. exd4 {[%clk 0:21:53]} Ree2
{[%clk 0:25:33]} 23. Qc4 {[%clk 0:00:34]} Bxb1 {[%clk 0:24:28]} 24. Rxb1
{[%clk 0:00:38]} Rac2 {[%clk 0:24:07]} 25. Qb3 {[%clk 0:00:36]} Qf6
{[%clk 0:23:59]} 26. Rf1 {[%clk 0:00:34]} Nh3+ {[%clk 0:24:03]} 27. Bxh3
{[%clk 0:01:00]} Qxd4+ {[%clk 0:24:25]} 0-1

[Event "World Chess Olympiad 2018"]
[Site "Batumi"]
[Date "2018.10.01"]
[Round "7"]
[Board "2"]
[WhiteFideId "7200013"]
[White "Rodgaard John"]
[BlackFideId "11300280"]
[Black "Khetho Phemelo"]
[Result "1/2-1/2"]
[LiveChessVersion "1.4.8"]
[BlackElo "2158"]
[WhiteElo "2331"]

1. Nf3 {[%clk 1:30:39]} e6 {[%clk 1:30:17]} 2. c4 {[%clk 1:30:25]} f5
{[%clk 1:30:20]} 3. g3 {[%clk 1:29:39]} Nf6 {[%clk 1:30:41]} 4. Bg2
{[%clk 1:29:20]} Be7 {[%clk 1:30:39]} 5. O-O {[%clk 1:28:00]} O-O
{[%clk 1:31:01]} 6. b3 {[%clk 1:23:40]} d6 {[%clk 1:30:08]} 7. d4
{[%clk 1:23:17]} Ne4 {[%clk 1:29:42]} 8. Bb2 {[%clk 1:21:57]} Nd7
{[%clk 1:25:31]} 9. Nc3 {[%clk 1:16:11]} Nxc3 {[%clk 1:12:35]} 10. Bxc3
{[%clk 1:16:31]} Nf6 {[%clk 1:12:56]} 11. Qd3 {[%clk 1:04:07]} Qe8
{[%clk 1:11:13]} 12. Nd2 {[%clk 0:57:23]} Qh5 {[%clk 0:58:31]} 13. f4
{[%clk 0:48:33]} d5 {[%clk 0:50:10]} 14. Rfc1 {[%clk 0:38:06]} Bd7
{[%clk 0:46:26]} 15. a3 {[%clk 0:31:21]} Rfc8 {[%clk 0:30:33]} 16. Bb4
{[%clk 0:28:11]} Bd8 {[%clk 0:30:12]} 17. a4 {[%clk 0:26:08]} a5 {[%clk 0:29:44]}
18. Ba3 {[%clk 0:24:56]} Ne4 {[%clk 0:29:44]} 19. Nxe4 {[%clk 0:21:20]} fxe4
{[%clk 0:29:36]} 20. Qd2 {[%clk 0:20:38]} Bf6 {[%clk 0:26:23]} 21. e3
{[%clk 0:19:38]} Be8 {[%clk 0:25:21]} 22. Ra2 {[%clk 0:19:11]} Bg6
{[%clk 0:23:42]} 23. Rac2 {[%clk 0:17:53]} c6 {[%clk 0:23:41]} 24. Qd1
{[%clk 0:11:40]} Qxd1+ {[%clk 0:18:27]} 25. Rxd1 {[%clk 0:12:09]} Bf5
{[%clk 0:18:39]} 26. h3 {[%clk 0:10:53]} h5 {[%clk 0:19:00]} 27. Bf1
{[%clk 0:10:17]} g5 {[%clk 0:18:56]} 28. Bd6 {[%clk 0:09:11]} gxf4
{[%clk 0:11:57]} 29. Bxf4 {[%clk 0:08:01]} Kf7 {[%clk 0:11:24]} 30. Rf2
{[%clk 0:07:45]} Ke7 {[%clk 0:10:31]} 31. Kh2 {[%clk 0:06:49]} Kd7
{[%clk 0:08:41]} 32. Be2 {[%clk 0:07:02]} Rh8 {[%clk 0:08:53]} 33. cxd5
{[%clk 0:05:47]} cxd5 {[%clk 0:06:54]} 34. Bb5+ {[%clk 0:05:07]} Ke7
{[%clk 0:07:09]} 35. Rc1 {[%clk 0:04:56]} Rac8 {[%clk 0:06:43]} 36. Rfc2
{[%clk 0:05:12]} Rxc2+ {[%clk 0:04:00]} 37. Rxc2 {[%clk 0:05:40]} Kf7
{[%clk 0:04:22]} 38. Rc7+ {[%clk 0:05:05]} Kg6 {[%clk 0:04:51]} 39. Rxb7
{[%clk 0:03:51]} Bg5 {[%clk 0:04:13]} 40. Rc7 {[%clk 0:30:59]} Bxf4
{[%clk 0:33:52]} 41. exf4 {[%clk 0:30:45]} Kf6 {[%clk 0:33:45]} 42. Kg2
{[%clk 0:23:51]} Rb8 {[%clk 0:33:53]} 43. Rc3 {[%clk 0:13:28]} Ke7
{[%clk 0:33:27]} 44. Rc6 {[%clk 0:10:18]} Kf6 {[%clk 0:32:44]} 45. Rc7
{[%clk 0:10:25]} Rb6 {[%clk 0:17:44]} 46. g4 {[%clk 0:07:53]} hxg4
{[%clk 0:17:20]} 47. hxg4 {[%clk 0:08:21]} Bxg4 {[%clk 0:17:40]} 48. Be8
{[%clk 0:08:21]} Rb8 {[%clk 0:17:34]} 49. Rf7+ {[%clk 0:06:58]} Kg6
{[%clk 0:17:19]} 50. Re7+ {[%clk 0:06:40]} 1/2-1/2

[Event "World Chess Olympiad 2018"]
[Site "Batumi"]
[Date "2018.10.01"]
[Round "7"]
[Board "3"]
[WhiteFideId "11300310"]
[White "Gaealafshwe Barileng"]
[BlackFideId "7200420"]
[Black "Berg Olaf"]
[Result "1-0"]
[LiveChessVersion "1.4.8"]
[BlackElo "2248"]
[WhiteElo "2144"]

1. Nf3 {[%clk 1:30:56]} Nf6 {[%clk 1:30:47]} 2. c4 {[%clk 1:31:21]} e6
{[%clk 1:31:08]} 3. Nc3 {[%clk 1:31:47]} b6 {[%clk 1:30:58]} 4. g3
{[%clk 1:31:32]} Bb7 {[%clk 1:30:40]} 5. Bg2 {[%clk 1:31:55]} c5 {[%clk 1:21:28]}
6. O-O {[%clk 1:32:15]} Be7 {[%clk 1:20:14]} 7. Re1 {[%clk 1:31:51]} Ne4
{[%clk 1:14:29]} 8. d3 {[%clk 1:27:51]} Nxc3 {[%clk 1:13:07]} 9. bxc3
{[%clk 1:28:16]} O-O {[%clk 1:12:11]} 10. e4 {[%clk 1:27:46]} d6 {[%clk 1:06:39]}
11. Bf4 {[%clk 1:21:27]} Nc6 {[%clk 1:05:17]} 12. a4 {[%clk 1:16:37]} Re8
{[%clk 0:59:42]} 13. Nd2 {[%clk 1:15:47]} Bf6 {[%clk 0:58:00]} 14. Qc2
{[%clk 1:11:42]} Qd7 {[%clk 0:50:44]} 15. Nb3 {[%clk 1:07:08]} Ne5
{[%clk 0:50:54]} 16. a5 {[%clk 1:03:29]} Bc6 {[%clk 0:41:06]} 17. Nd2
{[%clk 0:58:06]} Ng6 {[%clk 0:25:23]} 18. Be3 {[%clk 0:56:17]} d5
{[%clk 0:25:26]} 19. cxd5 {[%clk 0:42:47]} exd5 {[%clk 0:25:48]} 20. axb6
{[%clk 0:39:32]} axb6 {[%clk 0:21:07]} 21. Qb3 {[%clk 0:37:28]} Ba4
{[%clk 0:14:09]} 22. Qb2 {[%clk 0:31:44]} Ne5 {[%clk 0:14:11]} 23. Bf1
{[%clk 0:31:33]} dxe4 {[%clk 0:13:11]} 24. dxe4 {[%clk 0:28:46]} b5
{[%clk 0:09:42]} 25. Bf4 {[%clk 0:21:02]} b4 {[%clk 0:04:19]} 26. Bxe5
{[%clk 0:18:11]} Bxe5 {[%clk 0:04:41]} 27. Nb1 {[%clk 0:18:31]} Bc6
{[%clk 0:04:43]} 28. Rxa8 {[%clk 0:17:40]} Rxa8 {[%clk 0:03:49]} 29. Qc2
{[%clk 0:15:20]} Ba4 {[%clk 0:02:30]} 30. Qc1 {[%clk 0:15:24]} bxc3
{[%clk 0:00:34]} 31. Nxc3 {[%clk 0:15:41]} Bb3 {[%clk 0:00:46]} 32. Nd5
{[%clk 0:08:40]} Ra1 {[%clk 0:00:51]} 33. Qd2 {[%clk 0:08:25]} Qd8
{[%clk 0:00:32]} 34. Rxa1 {[%clk 0:06:33]} Bxa1 {[%clk 0:01:01]} 35. Qc1
{[%clk 0:06:30]} Bd4 {[%clk 0:01:10]} 36. Bc4 {[%clk 0:06:29]} Ba4
{[%clk 0:00:47]} 37. Qf4 {[%clk 0:05:52]} Bd7 {[%clk 0:00:32]} 38. Qd6
{[%clk 0:04:14]} Qe8 {[%clk 0:00:56]} 39. Nc7 {[%clk 0:03:28]} Qc8
{[%clk 0:00:31]} 40. Ba6 {[%clk 0:32:54]} Qd8 {[%clk 0:30:36]} 41. Bb5
{[%clk 0:32:58]} Qg5 {[%clk 0:25:55]} 42. Qxd7 {[%clk 0:32:18]} g6
{[%clk 0:25:35]} 43. Qc8+ {[%clk 0:31:24]} Kg7 {[%clk 0:25:52]} 44. Ne8+
{[%clk 0:31:34]} Kg8 {[%clk 0:25:03]} 45. Nf6+ {[%clk 0:27:25]} Kg7
{[%clk 0:22:24]} 46. Qf8+ {[%clk 0:27:29]} 1-0

[Event "World Chess Olympiad 2018"]
[Site "Batumi"]
[Date "2018.10.01"]
[Round "7"]
[Board "4"]
[WhiteFideId "7200277"]
[White "Samuelsen Carl Eli Nolsoe"]
[BlackFideId "11300710"]
[Black "Notha Moakofi"]
[Result "0-1"]
[LiveChessVersion "1.4.8"]
[BlackElo "2071"]
[WhiteElo "2237"]

1. e4 {[%clk 1:30:50]} e5 {[%clk 1:30:50]} 2. Nf3 {[%clk 1:30:54]} Nc6
{[%clk 1:31:06]} 3. d4 {[%clk 1:30:39]} exd4 {[%clk 1:30:57]} 4. Nxd4
{[%clk 1:30:54]} Bc5 {[%clk 1:30:05]} 5. Be3 {[%clk 1:30:53]} Qf6
{[%clk 1:28:54]} 6. c3 {[%clk 1:30:38]} Nge7 {[%clk 1:27:43]} 7. Bc4
{[%clk 1:29:34]} O-O {[%clk 1:24:42]} 8. O-O {[%clk 1:26:58]} Ne5
{[%clk 1:22:53]} 9. Be2 {[%clk 1:26:27]} Qg6 {[%clk 1:16:43]} 10. Nd2
{[%clk 1:17:15]} d6 {[%clk 1:12:58]} 11. Bh5 {[%clk 1:14:51]} Qf6
{[%clk 1:12:45]} 12. f4 {[%clk 1:07:29]} N5c6 {[%clk 1:08:41]} 13. Nc4
{[%clk 0:55:34]} Bxd4 {[%clk 1:02:06]} 14. cxd4 {[%clk 0:54:12]} d5
{[%clk 1:01:06]} 15. e5 {[%clk 0:51:29]} Qh4 {[%clk 0:57:24]} 16. Bf2
{[%clk 0:40:45]} Qxf4 {[%clk 0:53:08]} 17. Be3 {[%clk 0:39:21]} Qh4
{[%clk 0:43:30]} 18. Rf4 {[%clk 0:35:45]} Qg5 {[%clk 0:39:12]} 19. Rf6
{[%clk 0:28:22]} Qh4 {[%clk 0:36:22]} 20. Rf4 {[%clk 0:21:17]} Qg5
{[%clk 0:36:27]} 21. Rxf7 {[%clk 0:20:24]} Qh4 {[%clk 0:36:20]} 22. Rxf8+
{[%clk 0:17:48]} Kxf8 {[%clk 0:36:43]} 23. Bf2 {[%clk 0:13:25]} Qf4
{[%clk 0:32:54]} 24. g3 {[%clk 0:13:22]} Qg5 {[%clk 0:26:45]} 25. Be3
{[%clk 0:10:58]} Qf5 {[%clk 0:26:28]} 26. Qe2 {[%clk 0:09:35]} Kg8
{[%clk 0:22:00]} 27. Rf1 {[%clk 0:09:38]} Qe4 {[%clk 0:20:46]} 28. Nd2
{[%clk 0:09:36]} Qc2 {[%clk 0:19:21]} 29. Bf7+ {[%clk 0:08:37]} Kh8
{[%clk 0:19:19]} 30. e6 {[%clk 0:08:29]} b6 {[%clk 0:10:15]} 31. g4
{[%clk 0:06:09]} a5 {[%clk 0:09:42]} 32. Qf2 {[%clk 0:05:46]} Ba6
{[%clk 0:09:05]} 33. Re1 {[%clk 0:05:49]} Qxb2 {[%clk 0:07:01]} 34. Qf4
{[%clk 0:04:49]} Bd3 {[%clk 0:05:07]} 35. Nf3 {[%clk 0:04:55]} Be4
{[%clk 0:04:54]} 36. Rf1 {[%clk 0:04:58]} Qxa2 {[%clk 0:03:48]} 37. Nd2
{[%clk 0:04:46]} Bd3 {[%clk 0:02:57]} 38. Rf2 {[%clk 0:04:56]} Qc2
{[%clk 0:02:51]} 39. Bh5 {[%clk 0:04:38]} Bg6 {[%clk 0:01:11]} 40. Qxc7
{[%clk 0:34:37]} Bxh5 {[%clk 0:30:43]} 41. gxh5 {[%clk 0:33:36]} Qd1+
{[%clk 0:30:21]} 42. Nf1 {[%clk 0:32:42]} Qxh5 {[%clk 0:30:23]} 43. Qxb6
{[%clk 0:28:41]} Qg4+ {[%clk 0:27:59]} 44. Rg2 {[%clk 0:28:51]} Qxe6
{[%clk 0:27:56]} 45. Bg5 {[%clk 0:29:06]} Nf5 {[%clk 0:26:00]} 46. Bf4
{[%clk 0:25:44]} Ncxd4 {[%clk 0:23:28]} 47. Qb7 {[%clk 0:26:06]} Qc6
{[%clk 0:22:08]} 48. Qf7 {[%clk 0:26:27]} Qe6 {[%clk 0:19:38]} 49. Qb7
{[%clk 0:26:25]} Rg8 {[%clk 0:17:28]} 50. Qb2 {[%clk 0:21:58]} Qe4
{[%clk 0:16:43]} 51. Bc7 {[%clk 0:20:15]} Nf3+ {[%clk 0:15:19]} 52. Kf2
{[%clk 0:20:13]} Rf8 {[%clk 0:13:27]} 53. Qa3 {[%clk 0:19:22]} Qe1+
{[%clk 0:13:12]} 54. Kxf3 {[%clk 0:19:49]} Qxf1+ {[%clk 0:13:15]} 55. Rf2
{[%clk 0:20:16]} Nd6+ {[%clk 0:12:46]} 56. Kg4 {[%clk 0:20:21]} Qxf2
{[%clk 0:12:12]} 57. Bxd6 {[%clk 0:20:25]} Qf5+ {[%clk 0:11:47]} 58. Kh4
{[%clk 0:19:37]} Rc8 {[%clk 0:11:36]} 59. Kg3 {[%clk 0:19:01]} h5
{[%clk 0:11:09]} 60. h3 {[%clk 0:19:14]} d4 {[%clk 0:10:42]} 0-1

[Event "World Chess Olympiad 2018"]
[Site "Batumi"]
[Date "2018.10.01"]
[Round "7"]
[Board "1"]
[WhiteFideId "11900270"]
[White "Marckens Jean Louis"]
[BlackFideId "13100351"]
[Black "Ralison Milanto Harifidy"]
[Result "0-1"]
[LiveChessVersion "1.4.8"]
[BlackElo "2281"]
[WhiteElo "1992"]

1. e4 {[%clk 1:30:46]} c5 {[%clk 1:30:52]} 2. Nf3 {[%clk 1:30:52]} d6
{[%clk 1:31:06]} 3. d4 {[%clk 1:30:57]} cxd4 {[%clk 1:31:29]} 4. Nxd4
{[%clk 1:31:14]} Nf6 {[%clk 1:31:52]} 5. Nc3 {[%clk 1:31:26]} a6 {[%clk 1:32:14]}
6. Bc4 {[%clk 1:31:23]} e6 {[%clk 1:32:36]} 7. Bb3 {[%clk 1:31:28]} b5
{[%clk 1:32:37]} 8. Bg5 {[%clk 1:31:22]} Nbd7 {[%clk 1:29:50]} 9. O-O
{[%clk 1:27:58]} Bb7 {[%clk 1:28:34]} 10. Re1 {[%clk 1:26:15]} Nc5
{[%clk 1:27:17]} 11. e5 {[%clk 1:22:02]} dxe5 {[%clk 1:26:46]} 12. Rxe5
{[%clk 1:21:20]} Qc7 {[%clk 1:22:32]} 13. Bxf6 {[%clk 1:15:03]} gxf6
{[%clk 1:22:40]} 14. Re3 {[%clk 1:15:15]} O-O-O {[%clk 1:21:31]} 15. Qg4
{[%clk 1:14:14]} f5 {[%clk 1:19:58]} 16. Nxf5 {[%clk 1:13:41]} Nxb3
{[%clk 1:17:40]} 17. axb3 {[%clk 1:12:26]} exf5 {[%clk 1:17:52]} 18. Qxf5+
{[%clk 1:12:10]} Kb8 {[%clk 1:18:07]} 19. Ne4 {[%clk 1:10:02]} Bg7
{[%clk 1:16:19]} 20. Nc5 {[%clk 1:07:57]} Bxb2 {[%clk 1:07:31]} 21. Nxb7
{[%clk 1:05:37]} Bxa1 {[%clk 1:06:43]} 22. Nxd8 {[%clk 1:05:49]} Rxd8
{[%clk 1:07:01]} 23. Re1 {[%clk 1:05:49]} Bc3 {[%clk 1:06:21]} 24. Rf1
{[%clk 1:05:33]} f6 {[%clk 1:06:19]} 25. g3 {[%clk 1:05:24]} Qe5 {[%clk 0:59:35]}
26. Qxh7 {[%clk 1:03:59]} f5 {[%clk 0:59:33]} 27. Qh4 {[%clk 1:02:11]} Rd2
{[%clk 0:58:32]} 28. Qg5 {[%clk 1:01:01]} Kb7 {[%clk 0:52:35]} 29. Rc1
{[%clk 0:55:01]} a5 {[%clk 0:49:08]} 30. h4 {[%clk 0:54:37]} Qe4 {[%clk 0:47:11]}
31. h5 {[%clk 0:51:56]} Rxf2 {[%clk 0:46:35]} 32. Kxf2 {[%clk 0:50:50]} Bd4+
{[%clk 0:46:57]} 33. Kf1 {[%clk 0:45:53]} Qf3+ {[%clk 0:47:17]} 34. Ke1
{[%clk 0:45:41]} Bc3+ {[%clk 0:47:26]} 0-1